En resumen: Posición del gobierno de los Estados Unidos sobre la Sexta Conferencia de las Naciones Unidas sobre Comercio y Desarrollo (UNCTAD VI)

Salvato in:
Dettagli Bibliografici
Ente Autore: Estados Unidos. Gobierno
Natura: testo
Pubblicazione: s.n.t :
Soggetti:
Tags: Aggiungi Tag
Nessun Tag, puoi essere il primo ad aggiungerne!!

MARC

LEADER 00000 a a2200000 04500
001 14163
003
040 |a CRAI/IIS  |c CRAI/IIS 
090 |a 020900  
110 |a Estados Unidos. Gobierno  
245 |a En resumen: Posición del gobierno de los Estados Unidos sobre la Sexta Conferencia de las Naciones Unidas sobre Comercio y Desarrollo (UNCTAD VI)  
260 |a s.n.t :  
300 |a 2 p.  
650 |a UNCTAD  
999 |c 3960  |d 3960